000 00699nam a2200253Ia 4500
003 OSt
005 20220926011950.0
006 a|||||r|||| 00| 0
007 ta
008 220923b |||||||| |||| 00| 0 eng d
037 _cGeneral Book
040 _aRTL
_cRTL
_beng
041 _2eng
_aeng
082 _aRwK32, C9
100 _aPollock Frederick
_978134
245 0 _aSpinoza
_b His life and philosophy
250 _a2
260 _aNew York
_bAmerican Scholar U. S. A.
_c1899
300 _axxiv, 427p
_ccm.
500 _aAppendix p.387-418
650 _aPhilosophy-Spinoza
_9315323
942 _hRwK32, C9
_cGB
_2CC
999 _c621400
_d621400